Your brain's not broken : (Record no. 30980)

MARC details
000 -LEADER
fixed length control field 01556cam a2200337 i 4500
001 - CONTROL NUMBER
control field 21992348
003 - CONTROL NUMBER IDENTIFIER
control field EG-ScBUE
005 - DATE AND TIME OF LATEST TRANSACTION
control field 20250513111410.0
008 - FIXED-LENGTH DATA ELEMENTS--GENERAL INFORMATION
fixed length control field 210413t2021 miua f 000 0 eng d
020 ## - INTERNATIONAL STANDARD BOOK NUMBER
International Standard Book Number 9780800739423
040 ## - CATALOGING SOURCE
Original cataloging agency DLC
Language of cataloging eng
Description conventions rda
Transcribing agency DLC
Modifying agency DLC
-- EG-ScBUE
082 04 - DEWEY DECIMAL CLASSIFICATION NUMBER
Classification number 616.858900835
Edition number 22
Item number ROS
100 1# - MAIN ENTRY--PERSONAL NAME
Personal name Rosier, Tamara,
Dates associated with a name 1968-
Relator term author.
245 10 - TITLE STATEMENT
Title Your brain's not broken :
Remainder of title strategies for navigating your emotions and life with ADHD /
Statement of responsibility, etc Tamara Rosier, PhD.
264 #1 - PUBLICATION, DISTRIBUTION, ETC. (IMPRINT)
Place of publication, distribution, etc Grand Rapids, Michigan :
Name of publisher, distributor, etc Revell, a division of Baker Publishing Group,
Date of publication, distribution, etc [2021]
264 #4 - PUBLICATION, DISTRIBUTION, ETC. (IMPRINT)
Date of publication, distribution, etc c2021
300 ## - PHYSICAL DESCRIPTION
Extent 204 pages :
Other physical details illustrations ;
Dimensions 22 cm
336 ## - CONTENT TYPE
Content type term text
Content type code txt
Source rdacontent
337 ## - MEDIA TYPE
Media type term unmediated
Media type code n
Source rdamedia
338 ## - CARRIER TYPE
Carrier type term volume
Carrier type code nc
Source rdacarrier
500 ## - GENERAL NOTE
General note Includes Appendices.<br/>
520 ## - SUMMARY, ETC.
Summary, etc "Using the most current research and her approachable style, Dr. Rosier shows those with ADHD and their families how to create new thinking habits, identify unhelpful thought and emotional patterns, and apply strategies to change them"--
Assigning source Provided by publisher.
650 #7 - SUBJECT ADDED ENTRY--TOPICAL TERM
Topical term or geographic name as entry element Attention-deficit hyperactivity disorder in adults.
Source of heading or term BUEsh
650 #7 - SUBJECT ADDED ENTRY--TOPICAL TERM
Topical term or geographic name as entry element Attention-deficit hyperactivity disorder in adolescence.
Source of heading or term BUEsh
650 #7 - SUBJECT ADDED ENTRY--TOPICAL TERM
Topical term or geographic name as entry element Attention-deficit hyperactivity disorder.
Source of heading or term BUEsh
653 ## - INDEX TERM--UNCONTROLLED
Arrived date list May2025
Resource For college Humanities: Psychology
655 ## - INDEX TERM--GENRE/FORM
Form subdivision Reading book
906 ## - LOCAL DATA ELEMENT F, LDF (RLIN)
a 7
b cbc
c orignew
d 1
e ecip
f 20
g y-gencatlg
942 ## - ADDED ENTRY ELEMENTS (KOHA)
Source of classification or shelving scheme Dewey Decimal Classification
Koha item type Book - Borrowing
Holdings
Withdrawn status Lost status Source of classification or shelving scheme Damaged status Not for loan Collection code Home library Current library Shelving location Date acquired Source of acquisition Cost, normal purchase price Serial Enumeration / chronology Total Checkouts Total Renewals Full call number Barcode Checked out Date last seen Date checked out Cost, replacement price Price effective from Koha item type
    Dewey Decimal Classification     Baccah Central Library Central Library First floor 13/05/2025 Purchase 1077.00 39225 1 33 616.858900835 ROS 000057360 16/05/2026 18/06/2025 18/06/2025 1346.25 13/05/2025 Book - Borrowing